Normal view
MARC view
- INDUSTRIAL MANAGEMENT UNITED STATE CASE STUDIES INDUSTRIAL MANAGEMENT JAPAN SUCESS IN BUSINESS UNITED STATE SUCESS IN BUSINESS JAPAN COMPETITION INTERNATIOANL
Entry Topical Term
001 - CONTROL NUMBER
- control field: 67809
003 - CONTROL NUMBER IDENTIFIER
- control field: NUST
005 - DATE AND TIME OF LATEST TRANSACTION
- control field: 20210628203916.0
008 - FIXED-LENGTH DATA ELEMENTS
- fixed length control field: 210628|| aca||aabn | a|a d
040 ## - CATALOGING SOURCE
- Original cataloging agency: NUST
- Transcribing agency: NUST
150 ## - HEADING--TOPICAL TERM
- Topical term or geographic name entry element: INDUSTRIAL MANAGEMENT UNITED STATE CASE STUDIES INDUSTRIAL MANAGEMENT JAPAN SUCESS IN BUSINESS UNITED STATE SUCESS IN BUSINESS JAPAN COMPETITION INTERNATIOANL
670 ## - SOURCE DATA FOUND
- Source citation: Work cat.: (NUST): Beating japan , how hundered of american companies arebeating japan and what your company can learn from them, 1993
